De recondita febrium intermittentium tum remittentium natura et de earum curatione (Record no. 153397)

MARC details
000 -LEADER
campo de control de longitud fija 00753nam a2200193 i 4500
001 - NÚMERO DE CONTROL
campo de control 153397
003 - IDENTIFICADOR DE NÚMERO DE CONTROL
campo de control ES-MaACL
005 - FECHA Y HORA DE LA ÚLTIMA TRANSACCIÓN
campo de control 20230906205216.0
008 - DATOS DE LONGITUD FIJA--INFORMACIÓN GENERAL
campo de control de longitud fija 970929s1769 sz |||| | lat d
040 ## - FUENTE DE CATALOGACIÓN
Centro catalogador/agencia de origen AN
Lengua de catalogación spa
Centro/agencia transcriptor AN
245 00 - MENCIÓN DEL TÍTULO
Título De recondita febrium intermittentium tum remittentium natura et de earum curatione
Resto del título : variis experimentis & observationibus illustratâ.
250 ## - MENCION DE EDICION
Mención de edición Editio secunda auctior et emendatior.
260 ## - PUBLICACIÓN, DISTRIBUCIÓN, ETC.
Lugar de publicación, distribución, etc. Genevae :
Nombre del editor, distribuidor, etc. apud Fratres de Tournes,
Fecha de publicación, distribución, etc. 1769.
300 ## - DESCRIPCIÓN FÍSICA
Extensión XXIV, 416, [1] p. ;
Dimensiones 8º.
597 ## - NOTA DE DESCRIPCIÓN FÍSICA
NOTA DE DESCRIPCIÓN FÍSICA Sign.: ã8, e4, A-28, 2C9.
597 ## - NOTA DE DESCRIPCIÓN FÍSICA
NOTA DE DESCRIPCIÓN FÍSICA Port. con viñeta xil.
650 04 - PUNTO DE ACCESO ADICIONAL DE MATERIA--TÉRMINO DE MATERIA
Término de materia o nombre geográfico como elemento de entrada Fiebre-
Subdivisión de forma Obras anteriores a 1800.
9 (RLIN) 12773
852 ## - LOCALIZACIÓN
Ubicación ES-MaACL
Número de control de estantería R-956
Nota libre -- Enc. hol.
Encuadernación - Olim.: G-9179
Nota libre .- Donat. Sr. Alcon
Holdings
Estatus retirado Estado de pérdida Estado de daño No para préstamo Colección Biblioteca de origen Biblioteca actual Ubicación en estantería Fecha de adquisición Fuente de adquisición Total de préstamos Signatura topográfica completa Código de barras Visto por última vez Precio de reemplazo Tipo de ítem Koha
        Libros del s. XVIII Biblioteca del Ateneo de Madrid Biblioteca del Ateneo de Madrid Depósito 17/01/2008     R-956 1160315 23/02/2023 23/02/2023 Libro impreso antiguo